=LDR 00000nam 2200000 4500 =001 001040 =005 20250712033230 =035 ##$$a 0010-0725000919 =007 ta =008 250712################a##########0#ind## =020 ##$$a 978-623-118-783-3 =082 ##$$a 398.209 598 =084 ##$$a 398.209 598 RES p =100 #$$a Restiana, Fitri =245 1#$$a Puk Puk Si Kapuk /$c Fitri Restian =250 ##$$a Cetakan Kedua =260 ##$$a Jakarta Timur :$b Badan Pengembangan dan Pembinaan Bahasa,$c 2024 =300 ##$$a 24 hlm. : $b ilus. ; $c 29,7 x 21 cm =650 #4$$a Cerita Anak-Indonesia =650 #4$$a Kesusastraan Anak =856 ##$$a TBM As Suhada =990 ##$$a TBM202400967